Skibidi Toilet Titans - Statistics

General Stats
  • This quiz has been taken 56 times
    34 since last reset
  • The average score is 11 of 30
Answer Stats
Race Titans Universe % Correct
Camera Titan Cameraman Original
100%
Speaker Titan Speakerman Original
100%
TV Titan TV Man Original
100%
Clock Titan Clock Man | Benjamin Multiverse
67%
Drill Titan Drill Man | Steve Multiverse
67%
Pencil Titan Pencil Woman Multiverse
50%
Cassette Titan Cassetteman Skibidi Saga
42%
Unknown Tri-Titan Skibidi Wars
42%
Triadian Orange Triadian Skibidi Wars
33%
Triadian Pink Triadian Skibidi Wars
33%
Clock Sinister Titan Clock Man | Sebastian Multiverse
33%
Siren Siren Titan Zombie Universe
33%
Sonar Sonar Titan Skibidi Wars
33%
Computer Titan Computer Man | Titan Computer Woman Skibidi Wars
33%
Zombie Zombie Titan Cameraman Zombie Universe
33%
Zombie Zombie Titan Speakerman Zombie Universe
33%
Zombie Zombie Titan TV Man Zombie Universe
33%
Camera CamPrime Multiverse
25%
Clock Champion Clock Multiverse
25%
Clock ClockWise Multiverse
25%
Drill MetalDrill Multiverse
25%
Triadian Necro-Triadian Skibidi Wars
25%
Unknown Counter Titan Multiverse
17%
Toilet G-Titan Original
17%
Unknown Wraith Titan Multiverse
17%
Camera Anomaly Titan Cameraman Multiverse
8%
Clock Anomaly Titan Clock Man Multiverse
8%
Speaker Anomaly Titan Speakerman Multiverse
8%
TV Anomaly Titan TV Man Multiverse
8%
Astro Toilet Duchess Astro Titan Original
8%
No matching quizzes found
Score Distribution
Percent of People with Each Score
Percentile by Number Answered
Your Score History
You have not taken this quiz since the last reset